=LDR 00000nam 2200000 4500 =001 000580 =005 20250711012139 =035 ##$$a 0010-0725000448 =007 ta =008 250711################a##########0#ind## =020 ##$$a 978-623-307-445-2 =082 ##$$a 398.209 598 =084 ##$$a 398.209 598 BOT p =100 #$$a Chantel Botha =245 1#$$a Petualangan Mengelilingi Afrika Selatan /$c Chantel Botha =250 ##$$a Cetakan Pertama =260 ##$$a Rawamangun :$b Badan Pengembangan dan Pembinaan Bahasa,$c 2022 =300 ##$$a 16 hlm. : $b Ilus. ; $c 29 cm. =650 #4$$a Cerita Anak Indonesia - Terjemahan =650 #4$$a Petualangan-Afrika Selatan =856 ##$$a TBM AS SUHADA =990 ##$$a TBM03410341